000
00265nam a2200109Ia 4500
008
220204s9999 xx 000 0 und d
082
_a
52(035)
_b
ROT
245
0
_a
Astronomy handbook
260
_a
New York
_b
Springer Verlag
_c
1975
700
_a
Roth, G D
942
_c
BK
999
_c
26537
_d
26537